000 00605nam a22001697a 4500
003 OSt
005 20171010095516.0
008 120814t xxu||||| |||| 00| 0 eng d
040 _aMMSU
_cULS
100 _aDaquioag, Julie
_912162
245 _aLeadership roles of local chief executives and organizational performance of municipal development councils
_cJulie Daquioag
260 _c2001
300 _axvi, 120 leaves
_c28 cm.
500 _aThesis (Ph.D.-Rural Development) -- Mariano Marcos State University-Graduate School, Laoag City
504 _aBibliography: leaves 95-101
942 _2ddc
_cTHEDIS
999 _c9735
_d9735